000 00301nam a22001337a 4500
008 170328b xxu||||| |||| 00| 0 eng d
020 _a9780781748452
041 _aeng
080 _28TH
_a615.83
100 _a8
101 _aSHM
245 _aAPPLIED THERAPEUTICS
_cKODA-KIMBLE, M.A
942 _2udc
_cBK
999 _c8790
_d8790